000 00395nam a2200145Ia 4500
008 230711s9999||||xx |||||||||||||| ||und||
041 _aENG
082 _a677
_bBA-D
100 _aBatty,C D
245 3 _aAn introduction to 20th edition of DDC
250 _a1st Ed.
260 _c1992
_aNew Delhi
_bCBS Publishers & Distributors Pvt.Ltd
650 _aLibrary and Information Science
942 _cBK
999 _c3613
_d3613